Регионална библиотека "Любен Каравелов" - Русе

Пещерната ера (Запис номер 34964)

MARC детайли
000 -Лидер
Контролно поле с фиксирана дължина 01939nam a2200433 c 4500
003 - Код на организацията, давaща контролен номер
Контролно поле BLK
005 - Дата и час на последна редакция
Контролно поле 20250606162704.0
008 - Елементи от данни с фиксирана дължина
fixed length control field 180408b bul|||||r ||||||| ||bul||
010 ## - Наследен системен номер
LC control number KNG00037676000
020 ## - Международен стандартен номер на книга ISBN
Международен стандартен номер на книга ISBN 954-446-523-5
-- издат.: Егмонт България
040 ## - Източник на каталожния запис
Идентификатор на билиотеката - собственик на записа BLK
041 ## - Код за език
Код за езика на текст/звукозапис или на отделно заглавие Български
Код за езика КДБФ Български
080 ## - УДК
Текстов определител УДК Предистория. Предист. паметници на материалната култура и тяхната интерпретация - оръдия на труда, оръжия, култови предмети, мегалити, пещерни и накол
УДК код - определител по УДК 903
УДК определител
УДК - код + определител 903
100 1# - Редна дума - Автор
Автор Диъри, Тери
Авторска отговорност първи автор
R(LIN) 273538
139 ## - Редно поле
Редна дума Диъри, Тери
Авторски знак Дич - Д 64
245 10 - Сведения за заглавието
Заглавие Пещерната ера
Подзаглавни данни Кн. за деца
Редно поле (дума) Тери Диъри; прев. Юлия Чернева; ил. Мартин Браун.
257 ## - Страна на издаване
Страна на създаване/издаване Великобритания
260 ## - Област на издателските данни
-- София
Име на издателя, разпространителя и проч. Егмонт България
Година на издаване 2001
Печатница София : Балкан прес АД
300 ## - Физическа характеристика
Страници 128 с.
Илюстрации и др. с ил.
Размери/Мащаб 20 см
380 ## - Жанр
Жанр Детска отраслова лит.
490 1# - СЕРИИ (Колекции)
Име на серия Страховитото в историята
500 ## - Общи забележки
Забележка Ориг. загл. The Savage Stone Age / Terry Deary. - Офс. изд.
650 #4 - Допълнително описание по предмет – тема
Основно описание – тема или топоним Първобитно общество
9 (RLIN) 264537
650 #4 - Допълнително описание по предмет – тема
Основно описание – тема или топоним Човек, първобитен
9 (RLIN) 264536
653 ## - Ключова дума – ненормативна
Ключова дума първобитно общество
653 ## - Ключова дума – ненормативна
Ключова дума първобитен човек
653 ## - Ключова дума – ненормативна
Ключова дума история
653 ## - Ключова дума – ненормативна
Ключова дума праистория
653 ## - Ключова дума – ненормативна
Ключова дума литература за деца
653 ## - Ключова дума – ненормативна
Ключова дума детска литература
700 1# - Други автори (авторска отговорност)
Лично име Браун, Мартин
Автороска отговорност (Описва отношението между автора и произведението) ил.
9 (RLIN) 273539
700 ## - Други автори (авторска отговорност)
Лично име Чернева, Юлия Недкова
Дати, свързани с автора 1955-
9 (RLIN) 365526
852 ## - Местоположение
Форматна сигнатура Цб 209674
856 4# - Електронен адрес и достъп
Електронен формат pdf - файл
Път до файла /url/
856 4# - Електронен адрес и достъп
Електронен формат pdf - файл
Път до файла /url/
942 ## - АРТИКУЛИ
Вид на библиотечния материал Книги
Скрит в OPAC Не
Koha issues (borrowed), all copies 5
944 ## - СЪЗДАВАНЕ И РЕДАКЦИЯ на ЗАПИСА
Създаване/Редакция Създаване
Дата на регистрацията/редакция 15.01.2003
Служител, извършил регистрацията/редакцията 30564
Статус, дата на статуса Анна Гръцманова
944 ## - СЪЗДАВАНЕ И РЕДАКЦИЯ на ЗАПИСА
Създаване/Редакция Редакция
Дата на регистрацията/редакция 07.10.2016
Служител, извършил регистрацията/редакцията Виолета_Тройчева
999 ## - СИСТЕМНИ КОНТРОЛНИ НОМЕРА
Koha biblionumber 34964
Koha biblioitemnumber 34964
Наличности
Код за отписване Код за изгубен артикул Източник на класификационната схема Код за повреда Коз за рестрикции Код за отдаване Артикулен № Име на библиотеката - собственик Име на библиотеката, в която се намира в момента Статус (Текущо местоположение) Дата на вписване в системата Местоположение - отдел Цена в лева Инвентарен номер Систематично азбучна сигнатура Баркод Номер на екземпляра Цена в евро Служебна бележка Служебен тип на артикула
  Не е изгубен Universal Decimal Classification Не е повреден без рестрикции ползва се в читалня 55340 Регионална библиотека "Любен Каравелов" Русе Регионална библиотека "Любен Каравелов" Русе Хранилище 2001-01-01 Хранилище 2.49 667000 Цб 209674 120000667000 1 1.27 Дост: Dp Вид: Д N: 32 Дата: 01.01.2001 Книги
  Не е изгубен Universal Decimal Classification Не е повреден без рестрикции заемане за дома 55341 Регионална библиотека "Любен Каравелов" Русе Регионална библиотека "Любен Каравелов" Русе Детски отдел 2016-10-06 Детски отдел 2.49 120000804467 ДН 9/Д 64 120000804467 2 1.27 Дост: DA Вид: А N: 35 Дата: 06.10.2016 Книги
Vip Innovations Ltd, Rousse, Bulgaria 2025